00357nam a2200097Ia 4500008004100000100001800041245009300059245005000152650001300202856004400215170221s9999 xx 000 0 und d aReuben Segara aPerformance of Active Extension Strategies: Evidence from the Australian Equities Market cReuben Segara, Abhishek Das, and James Turner xBusiness uhttp://ro.uow.edu.au/aabfj/vol6/iss3/2/